| 000 | 00381nam a22001337a 4500 | ||
|---|---|---|---|
| 082 |
_a621.31922 _bBRI _cL-10, P-9 |
||
| 100 |
_aBritish Slandered Institution, _941491 |
||
| 245 | _aHigh voltage overhead lines / | ||
| 260 |
_aLondon: _bStandards, Sowest, |
||
| 300 |
_a46 p,; _bdiagram.; _c26cm |
||
| 526 |
_a0 _b0 _c0 _d621_319220000000000_BRI |
||
| 650 |
_aMCE _9379 |
||
| 942 |
_2ddc _cBK |
||
| 999 |
_c545587 _d545587 |
||